Integrating flood management and agri-environment through washland creation in the UK (Record no. 117851)
[ view plain ]
| 000 -LEADER | |
|---|---|
| fixed length control field | 01415cam a2200313 4500 |
| 001 - CONTROL NUMBER | |
| control field | ABS68131 |
| 008 - FIXED-LENGTH DATA ELEMENTS--GENERAL INFORMATION | |
| fixed length control field | 040812n2004 000 0 eng u |
| 035 ## - SYSTEM CONTROL NUMBER | |
| System control number | (Sirsi) u127063 |
| 100 ## - MAIN ENTRY--PERSONAL NAME | |
| Personal name | Morris, J. |
| 245 ## - TITLE STATEMENT | |
| Title | Integrating flood management and agri-environment through washland creation in the UK |
| 260 ## - PUBLICATION, DISTRIBUTION, ETC. | |
| Date of publication, distribution, etc. | 2004 |
| 490 ## - SERIES STATEMENT | |
| Series statement | Farm Management |
| Volume/sequential designation | 12(1) July 2004, 33-48(16) |
| 520 ## - SUMMARY, ETC. | |
| Summary, etc. | Explores the feasibility of flood storage and washland creation, the likely economic impacts of this type of development and the financial and institutional mechanism required to achieve implementation. The outcome is the identification and assessment of a washland package within the UK agri-environment framework. However, given the diversity of circumstance and practice, it is suggested that a range of options, and not just those associated with management agreements and annual payment, is used for the management and administration of washland areas. [Taken from journal abstract]. |
| 590 ## - LOCAL NOTE (RLIN) | |
| Local note | ABS |
| 590 ## - LOCAL NOTE (RLIN) | |
| Local note | ABS |
| 650 ## - SUBJECT ADDED ENTRY--TOPICAL TERM | |
| Topical term or geographic name entry element | FLOOD DEFENCES |
| 650 ## - SUBJECT ADDED ENTRY--TOPICAL TERM | |
| Topical term or geographic name entry element | WATER MANAGEMENT |
| 650 ## - SUBJECT ADDED ENTRY--TOPICAL TERM | |
| Topical term or geographic name entry element | Land use |
| 9 (RLIN) | 6251 |
| 650 ## - SUBJECT ADDED ENTRY--TOPICAL TERM | |
| Topical term or geographic name entry element | WASHLAND AREAS |
| 650 ## - SUBJECT ADDED ENTRY--TOPICAL TERM | |
| Topical term or geographic name entry element | RURAL ECONOMY |
| 650 ## - SUBJECT ADDED ENTRY--TOPICAL TERM | |
| Topical term or geographic name entry element | AGRI-ENVIRONMENT MEASURES |
| 690 ## - LOCAL SUBJECT ADDED ENTRY--TOPICAL TERM (OCLC, RLIN) | |
| Topical term or geographic name as entry element | ENVIRONMENT-MANAGEMENT |
| 700 ## - ADDED ENTRY--PERSONAL NAME | |
| Personal name | Bailey, A. |
| 700 ## - ADDED ENTRY--PERSONAL NAME | |
| Personal name | Alsop, D. |
| 700 ## - ADDED ENTRY--PERSONAL NAME | |
| Personal name | Vivash, R. |
| 700 ## - ADDED ENTRY--PERSONAL NAME | |
| Personal name | Lawson, C. |
| 700 ## - ADDED ENTRY--PERSONAL NAME | |
| Personal name | Leeds-Harrison, P. |
| 942 ## - ADDED ENTRY ELEMENTS (KOHA) | |
| Suppress in OPAC | 0 |
| Withdrawn status | Lost status | Source of classification or shelving scheme | Damaged status | Not for loan | Home library | Current library | Shelving location | Date acquired | Total Checkouts | Full call number | Barcode | Date last seen | Copy number | Price effective from | Koha item type |
|---|---|---|---|---|---|---|---|---|---|---|---|---|---|---|---|
| Dewey Decimal Classification | London | London | Journal article | 12/08/2004 | ABS68131 | 127063-1001 | 06/08/2019 | 1 | 06/08/2019 | Journal article |